Outlines of classification and special morphology of plants (Record no. 301309)
[ view plain ]
| 000 -LEADER | |
|---|---|
| fixed length control field | 00595nam a2200229Ia 4500 |
| 008 - FIXED-LENGTH DATA ELEMENTS--GENERAL INFORMATION | |
| fixed length control field | 141004s9999 xx 000 0 und d |
| 040 ## - CATALOGING SOURCE | |
| Transcribing agency | a |
| 041 ## - LANGUAGE CODE | |
| Language code of text/sound track or separate title | English |
| 082 ## - DEWEY DECIMAL CLASSIFICATION NUMBER | |
| Classification number | 580.12 |
| 082 ## - DEWEY DECIMAL CLASSIFICATION NUMBER | |
| Item number | GOE/OU |
| 100 ## - MAIN ENTRY--PERSONAL NAME | |
| Personal name | K Goebel |
| 245 ## - TITLE STATEMENT | |
| Title | Outlines of classification and special morphology of plants |
| 245 ## - TITLE STATEMENT | |
| Statement of responsibility, etc. | K Goebel |
| 260 ## - PUBLICATION, DISTRIBUTION, ETC. (IMPRINT) | |
| Place of publication, distribution, etc. | New Delhi |
| 260 ## - PUBLICATION, DISTRIBUTION, ETC. (IMPRINT) | |
| Name of publisher, distributor, etc. | International book distributors |
| 260 ## - PUBLICATION, DISTRIBUTION, ETC. (IMPRINT) | |
| Date of publication, distribution, etc. | 1984 |
| 300 ## - PHYSICAL DESCRIPTION | |
| Extent | 515 p. |
| 300 ## - PHYSICAL DESCRIPTION | |
| Other physical details | 24 cm |
| 501 ## - WITH NOTE | |
| With note | 7A3,4 |
| 650 ## - SUBJECT ADDED ENTRY--TOPICAL TERM | |
| Topical term or geographic name as entry element | Morphology |
| 942 ## - ADDED ENTRY ELEMENTS (KOHA) | |
| Koha item type | Books (General) |
| Withdrawn status | Lost status | Damaged status | Not for loan | Collection code | Home library | Current library | Total Checkouts | Full call number | Barcode | Date last seen | Date checked out | Price effective from | Koha item type |
|---|---|---|---|---|---|---|---|---|---|---|---|---|---|
| College of Forestry, Vellanikkara | College of Forestry, Vellanikkara | 1 | 580.12 GOE/OU | KAU_COF-387 | 22/01/2022 | 22/01/2022 | 04/10/2014 | Books (General) |
